01210 a2200217 45000010006000000050017000060080041000230030015000640400040000790800048001192450035001670200022002022500012002242640033002363000025002695050542002940410008008361000022008447000031008668560095008974326420260407155716.0260407a2017 arg spa dAR-UNSa-BCEJYS aAR-UNSa-BCEJYSbspacAR-UNSa-BCEJYS a347.7xDerecho Mercantil. Derecho Comercial10aElementos de derecho comercial a978-987-03-3195-7 a2a. ed. 1aBuenos Aires :bLa Leyc2017 axlvi, 937 p.c24 cm. a1. Antecedentes del derecho comercial, contenido y caracteres actuales - 2. Fuentes del derecho comercial - 3. El comerciante o empresario individual y colectivo. Auxiliares. Cargas y derechos - 4. Contratos y protección de los consumidores - 5. Contratos de empresa en particular - 6. Mercados financiero y bancario - 7. Garantías - 8. Títulos valores o de crédito - 9. Sociedades - 10. Concursos - 11. Seguros y derecho industrial - 12. Derecho aeronáutico - 13. Derecho de la navegación marítima - 14. Recursos naturales aspa1 aGebhardt, Marcelo1 aGerscovich, Carlos Gustavo41uhttps://biblioeco.unsa.edu.ar/pmb/images/libros/L126626.jpgyImagen de portadaqimage/jpeg